Statistics for Hip-Hop Albums 1987-2013

Click here to take the quiz!

General Stats

  • This quiz has been taken 211 times
  • The average score is 14 of 28

Answer Stats

HintAnswer% Correct
1994, NasIllmatic
85%
1988, N.W.AStraight Outta Compton
84%
1992, Dr. DreThe Chronic
79%
2007, Kanye WestGraduation
76%
2012, Kendrick LamarGood kid, m.A.A.d City
74%
2000, EminemThe Marshall Mathers LP
73%
1993, Wu-Tang ClanEnter the Wu-Tang (36 Chambers)
71%
2003, 50 CentGet Rich or Die Tryin
68%
2005, Kanye WestLate Registration
68%
2002, EminemThe Eminem Show
68%
1987, Eric B & RakimPaid In Full
61%
1998, OutKastAquemini
56%
2004, MadvillainMadvillainy
53%
2009, Kid CudiMan on the Moon: The End of Day
53%
2011, DrakeTake Care
52%
1995, Mobb DeepThe Infamous
52%
1996, The FugeesThe Score
46%
1990, Ice CubeAmeriKKKa's Most Wanted
43%
1999, Mos DefBlack on Both Sides
37%
1997, Wu-Tang ClanWu-Tang Forever
37%
2014, ScHoolboy QOxymoron
32%
2013, Jay ZMagna Carta, Holy Grail
31%
1991, 2Pac2Pacalypse Now
29%
1989, Beastie BoysPaul's Boutique
27%
2001, D12Devil's Night
24%
2006, The GameDoctor's Advocate
18%
2010, Rick RossTeflon Don
17%
2008, Snoop DoggEgo Trippin
9%

Score Distribution

Percentile by Number Answered

Percent of People with Each Score

Your Score History

You have not taken this quiz